[Event "University of Twente YM"]
[Site "Enschede NED"]
[Date "2009.08.04"]
[Round "5"]
[White "Pruijssers,R"]
[Black "Moranda,W"]
[Result "1/2-1/2"]
[WhiteElo "2401"]
[BlackElo "2545"]

1.e4 c5 2.Nf3 d6 3.d4 cxd4 4.Nxd4 Nf6 5.Nc3 a6 6.Be3 e6 7.g4 e5 8.Nf5 h5
9.g5 Nxe4 10.Nxg7+ Bxg7 11.Nxe4 d5 12.Ng3 d4 13.Bd2 Qd5 14.c4 Qc6 15.Bd3 Bg4
16.Qc2 Bf3 17.Be4 Bxe4 18.Qxe4 h4 19.Qxc6+ Nxc6 20.Ne4 O-O-O 21.O-O-O h3
22.f3 Kc7 23.Nc5 Kb6 24.Nd3 f5 25.gxf6 Bxf6 26.Rdg1 Bh4 27.Rg6 Ka7 28.Kd1 Rdf8
29.Ke2 Rf5 30.Rhg1 Bd8 31.b4 Bc7 32.Rg7 Kb8 33.b5 axb5 34.cxb5 e4 35.fxe4 Rxb5
36.Rg8+ Rxg8 37.Rxg8+ Ka7 38.Rh8 Bxh2 39.Rxh3 Bc7 40.Rh7 Kb8 41.Rh8+ Ka7
42.Rh7 Kb8 43.a4 Rb3 44.Rh8+ Ka7 45.Rh7 Kb8 46.Rh5 Ra3 47.e5 Rxa4 48.Rh8+ Ka7
49.e6 Ra2 50.Kd1  1/2-1/2

[Event "Centroamericano & Caribbean U20"]
[Site "Medellin COL"]
[Date "2009.08.04"]
[Round "9"]
[White "Naranjo,Sa"]
[Black "Wiltshire,E"]
[Result "0-1"]
[WhiteElo "1895"]
[BlackElo "1933"]

1.e4 c5 2.Nf3 d6 3.d4 cxd4 4.Nxd4 Nf6 5.Nc3 a6 6.Be3 e6 7.Qd2 b5 8.f3 Nbd7
9.O-O-O Bb7 10.g4 Nb6 11.h4 b4 12.Nb1 d5 13.e5 Nfd7 14.f4 Nc4 15.Bxc4 dxc4
16.Rh3 Bd5 17.c3 Nc5 18.Nc6 Bxc6 19.Qxd8+ Rxd8 20.Rxd8+ Kxd8 21.Bxc5 Bxc5
22.cxb4 Bxb4 23.a3 Bc5 24.b4 Bb6 25.Rc3 Bd5 26.Nd2 Bd4 27.Rc2  0-1

[Event "GMA"]
[Site "Peterhof RUS"]
[Date "2009.08.05"]
[Round "5"]
[White "Gritsenko,An"]
[Black "Massironi,M"]
[Result "1-0"]
[WhiteElo "2401"]
[BlackElo "2178"]

1.e4 c5 2.Nf3 d6 3.d4 cxd4 4.Nxd4 Nf6 5.Nc3 a6 6.Be3 e5 7.Nb3 Be6 8.f3 Nbd7
9.g4 Nb6 10.g5 Nh5 11.Qd2 Be7 12.O-O-O O-O 13.Rg1 Rc8 14.h4 Qc7 15.Qf2 Bd8
16.Kb1 g6 17.Be2 f5 18.gxf6 Rxf6 19.Rd2 Nc4 20.Bxc4 Bxc4 21.Bg5 Rf7 22.Rgd1 Bxg5
23.hxg5 Rcf8 24.Rxd6 Rxf3 25.Qc5 Qxc5 26.Nxc5 Ng3 27.Nd7 Rxc3 28.Nxf8 Rf3
29.Nd7 Be2 30.Re1 Nxe4 31.Re6 Nxg5 32.Rxe5 Bb5 33.Nc5 Nf7 34.Re7 g5 35.Rxb7 g4
36.a4 Bc4 37.Rb4 Ne5 38.b3 Rf1 39.Rxf1 Bxf1 40.Re4 Ng6 41.Rxg4 Kf7 42.Rg1 Be2
43.Rg2  1-0

[Event "Arctic Chess Challenge"]
[Site "Tromso NOR"]
[Date "2009.08.08"]
[Round "8"]
[White "Tofte,S"]
[Black "Bjerke,S"]
[Result "1-0"]
[WhiteElo "2119"]
[BlackElo "2231"]

1.e4 c5 2.Nf3 d6 3.d4 Nf6 4.Nc3 cxd4 5.Nxd4 a6 6.Be3 e5 7.Nb3 Be6 8.f3 Be7
9.Qd2 O-O 10.O-O-O Nbd7 11.g4 b5 12.g5 b4 13.Ne2 Ne8 14.f4 a5 15.f5 Bxb3
16.cxb3 a4 17.bxa4 Rxa4 18.Kb1 Rxa2 19.Kxa2 Qa8+ 20.Kb3 Bxg5 21.Qd3 Nef6
22.Bg2 Bxe3 23.Qxe3 Qc6 24.Ra1 Nc5+ 25.Ka2 b3+ 26.Kb1 Ncxe4 27.Rc1 Qd5 28.Bxe4 Nxe4
29.Ra3 h6 30.Nc3 Nd2+ 31.Ka1 Qg2 32.Qg3 Qb7 33.Rg1 f6 34.Nb1 Nf3 35.Rg2 Nd4
36.Nd2 Nc2+ 37.Kb1 Nxa3+ 38.bxa3 Rb8 39.Kb2 Kh8 40.Nxb3 d5 41.Rc2 d4 42.Rc4 Qd7
43.Qd3 Kh7 44.a4 Qb7 45.Qc2 Qd5 46.Qd3 Qb7 47.Rc5 e4 48.Qb5 Qa7 49.Qc4 d3
50.Rc7 Qf2+ 51.Ka3 Qxh2 52.Rd7 d2 53.Nxd2 e3 54.Qa6 Qg3 55.Ne4 Qg2 56.Qxf6 Qg1
57.Qc3 e2 58.Re7 Kh8 59.f6 e1=Q 60.fxg7+ Kh7 61.Nf6+ Kg6 62.Rxe1 Qb6 63.g8=Q+ Rxg8
64.Nxg8 Qd6+ 65.Qb4 Qd3+ 66.Qb3 Qd6+ 67.Kb2 Qd2+ 68.Qc2+ Qxc2+ 69.Kxc2  1-0

[Event "Arctic Chess Challenge"]
[Site "Tromso NOR"]
[Date "2009.08.08"]
[Round "8"]
[White "Skage,O"]
[Black "Steinskog,A"]
[Result "1/2-1/2"]
[WhiteElo "1966"]
[BlackElo "1791"]

1.e4 c5 2.Nf3 d6 3.d4 cxd4 4.Nxd4 Nf6 5.Nc3 a6 6.Be3 Ng4 7.Bg5 h6 8.Bh4 g5
9.Bg3 Bg7 10.Be2 h5 11.Nf5 Bxf5 12.exf5 Qa5 13.O-O Nf6 14.Qd2 h4 15.Qxg5 hxg3
16.Qxg7 gxh2+ 17.Kh1 Rg8 18.Qh6 Qxf5 19.Bd3 Qg4 20.Qh3 Qxh3 21.gxh3 Nbd7
22.Kxh2 O-O-O 23.f4 e6 24.Ne4 Nxe4 25.Bxe4 Nf6 26.Bg2 d5 27.Rae1 Rde8 28.Re3 Re7
29.Rfe1 Rge8 30.Re5 Nd7 31.Rh5 Nf6 32.Rg5 Nh7 33.Rg7 Nf6 34.Bf3 Kc7 35.h4 Rh8
36.Kh3 Nh5 37.Bxh5 Rxh5 38.Re5 Rh8 39.Reg5 Kd6 40.f5 exf5 41.Rxf5 Re3+ 42.Rg3 Rxg3+
43.Kxg3 Ke6 44.Rf4 f5 45.Rf2 Rg8+ 46.Kf3 Rh8 47.Rh2 Kf6 48.Kf4 Rh5 49.Rh3 Ke6
50.Re3+ Kf6 51.Kg3 f4+ 52.Kxf4 Rxh4+ 53.Kf3 Rh7 54.Ke2 Rh4 55.Kd3 Rg4 56.Re8 Rc4
57.b3 Rc7 58.c3 Re7 59.Rf8+ Ke5 60.Rd8 Rh7 61.Kc2 Rc7 62.Re8+ Kd6 63.b4 Rf7
64.Re2 Kc7 65.Rd2 Kc6 66.Kb3 Re7 67.Rh2 Re6 68.Rh7 Rg6 69.Rh3 Rf6 70.Rd3  1/2-1/2

[Event "Arctic Chess Challenge"]
[Site "Tromso NOR"]
[Date "2009.08.08"]
[Round "8"]
[White "Leniart,A"]
[Black "Simutowe,A"]
[Result "1-0"]
[WhiteElo "2390"]
[BlackElo "2481"]

1.e4 c5 2.Nf3 d6 3.d4 cxd4 4.Nxd4 Nf6 5.Nc3 a6 6.Be3 e5 7.Nf3 Qc7 8.Be2 Be7
9.O-O O-O 10.a4 b6 11.Nd5 Nxd5 12.exd5 f5 13.a5 b5 14.c4 bxc4 15.Nd2 Nd7
16.Nxc4 f4 17.Bb6 Qb7 18.Rc1 Qb8 19.f3 Bb7 20.Bf2 Qe8 21.Bd3 Qf7 22.Be4 g5
23.Nb6 Nxb6 24.axb6 Rac8 25.Qd3 Rxc1 26.Rxc1 Bd8 27.Rc6 Qd7 28.Bxh7+ Qxh7
29.Qxh7+ Kxh7 30.Rxd6 Ba8 31.b7 Bxb7 32.Rd7+ Kg6 33.Rxb7 Rf7 34.Rxf7 Kxf7
35.Kf1 Be7 36.Ke2 Kf6 37.Kd3 Kf5 38.Bb6 Bd6 39.Bd8 Bb4 40.Bc7 Bf8 41.b3 Ba3
42.d6 Ke6 43.Ke4 Bb4 44.d7 Kxd7 45.Bxe5 Ke6 46.Bc7 Be1 47.Bd8 Bh4 48.Kd4 Kd6
49.Kc4 Kc6 50.Bf6 Kd6 51.Kb4 Kc6 52.Ka5 Kb7 53.b4 Ka7 54.b5 axb5 55.Kxb5 Kb7
56.Kc5 g4 57.Bxh4 gxf3 58.gxf3  1-0

[Event "Asian Zone 3.2 m"]
[Site "New Delhi IND"]
[Date "2009.08.09"]
[Round "1"]
[White "Lama,S"]
[Black "Sriram,J"]
[Result "0-1"]
[WhiteElo "2047"]
[BlackElo "2459"]

1.e4 c5 2.Nf3 d6 3.d4 cxd4 4.Nxd4 Nf6 5.Nc3 a6 6.Be3 e5 7.Nf3 Qc7 8.Bg5 Nbd7
9.Nh4 h6 10.Be3 Nb6 11.Qd3 Be6 12.O-O-O O-O-O 13.Nf5 d5 14.Bxb6 Qxb6 15.exd5 Nxd5
16.Nxd5 Rxd5 17.Qc4+ Rc5 18.Qa4 Kb8 19.Ne3 Be7 20.Bc4 Ra5 21.Qb3 Rb5 22.Qc3 Rc8
23.b3 Qc7 24.Qd3 Ba3+ 25.Kd2 Rd8 26.Bxb5 axb5 27.Qxd8+ Qxd8+ 28.Ke2 Qc7 29.Rhe1 Bb4
30.Rg1 f5 31.g3 f4  0-1

[Event "XVIII TCh-MKD"]
[Site "Struga MKD"]
[Date "2009.08.10"]
[Round "1"]
[White "Nedev,T"]
[Black "Tancev,Z"]
[Result "1-0"]
[WhiteElo "2508"]
[BlackElo "2216"]

1.e4 c5 2.Nf3 d6 3.d4 cxd4 4.Nxd4 Nf6 5.Nc3 a6 6.Be3 e6 7.f3 b5 8.Qd2 Nbd7
9.g4 Nb6 10.Bd3 Bb7 11.Qf2 Nfd7 12.O-O-O Rc8 13.Nce2 Nc4 14.Bxc4 Rxc4 15.Kb1 Be7
16.h4 O-O 17.g5 Ne5 18.Qg3 Qa8 19.Rh2 Rfc8 20.Nf4 Nxf3 21.Nxf3 Bxe4 22.Ne1 Qc6
23.Nfd3 d5 24.Bf4 f6 25.gxf6 Bxf6 26.Be5 Bxe5 27.Qxe5 Rf8 28.Nf4 Rxf4 29.Qxf4  1-0

[Event "Yoel Geva YTGM"]
[Site "Tel Aviv ISR"]
[Date "2009.08.13"]
[Round "5"]
[White "Erenburg,S"]
[Black "Nedobora,M"]
[Result "1-0"]
[WhiteElo "2564"]
[BlackElo "2391"]

1.e4 c5 2.Nf3 d6 3.d4 cxd4 4.Nxd4 Nf6 5.Nc3 a6 6.Be3 e6 7.f3 b5 8.Qd2 Nbd7
9.g4 Nb6 10.a4 b4 11.Na2 Nxa4 12.Nxb4 Nc5 13.Nbc6 Qc7 14.Qa5 Qxa5+ 15.Rxa5 Bb7
16.b4 Ncd7 17.g5 Ng8 18.b5 axb5 19.Rxa8+ Bxa8 20.Bxb5 e5 21.Nb8 exd4 22.Bxd4  1-0

[Event "Asian Zone 3.2 m"]
[Site "New Delhi IND"]
[Date "2009.08.14"]
[Round "8"]
[White "Lama,S"]
[Black "Deepan,C"]
[Result "0-1"]
[WhiteElo "2047"]
[BlackElo "2506"]

1.e4 c5 2.Nf3 d6 3.d4 cxd4 4.Nxd4 Nf6 5.Nc3 a6 6.Be3 e6 7.f3 b5 8.g4 Nfd7
9.Qd2 Nb6 10.Bd3 N8d7 11.O-O-O Bb7 12.Qf2 Rc8 13.Nce2 Be7 14.h4 O-O 15.Kb1 Nc5
16.g5 Nba4 17.Bc1 Qb6 18.Qg2 Nxd3 19.Rxd3 Qc7 20.Ng3 d5 21.g6 hxg6 22.h5 g5
23.exd5 Bxd5 24.Ne4 Nc5 25.Nxc5 Qxc5 26.Nb3 Bxb3 27.axb3 Rfd8 28.Rhd1 Rxd3
29.Rxd3 Bf6 30.Rd7 Qc6 31.Rd2 a5 32.Qe2 a4 33.Rd3 b4 34.Qd1 axb3 35.Rxb3 Qa4
36.c3 bxc3 37.bxc3 Bxc3 38.Bb2 Bxb2 39.Kxb2 Ra8 40.Rd3  0-1

[Event "Baltic Queen"]
[Site "St Petersburg RUS"]
[Date "2009.08.15"]
[Round "5"]
[White "Arakhamia,K"]
[Black "Bodnaruk,A"]
[Result "1-0"]
[WhiteElo "2506"]
[BlackElo "2388"]

1.e4 c5 2.Nf3 d6 3.d4 Nf6 4.Nc3 cxd4 5.Nxd4 a6 6.Be3 e5 7.Nb3 Be6 8.Qd2 Nbd7
9.O-O-O b5 10.f3 Be7 11.Nd5 Bxd5 12.exd5 Rc8 13.Qf2 O-O 14.g4 Nc5 15.Kb1 Nfd7
16.h4 b4 17.g5 a5 18.Bb5 f5 19.f4 Ne4 20.Qh2 Qc7 21.Rhe1 Rfd8 22.Bc6 Rb8
23.Qe2 Ndc5 24.fxe5 Nxb3 25.exd6 Nbd2+ 26.Bxd2 Bxd6 27.Qc4 a4 28.Rxe4 fxe4
29.Qxe4 a3 30.b3 Rf8 31.Be3 Kh8 32.h5 Be5 33.h6 gxh6 34.gxh6 Rf6 35.d6 Bxd6
36.Bd4 Rf8 37.Rf1 Be7 38.Rxf6 Bxf6 39.Bxf6+ Kg8 40.Bd5+  1-0

[Event "Yoel Geva YTGM"]
[Site "Tel Aviv ISR"]
[Date "2009.08.17"]
[Round "8"]
[White "Erenburg,S"]
[Black "Raznikov,D"]
[Result "1-0"]
[WhiteElo "2564"]
[BlackElo "2270"]

1.e4 c5 2.Nf3 d6 3.d4 cxd4 4.Nxd4 Nf6 5.Nc3 a6 6.Be3 e5 7.Nf3 Be7 8.Bc4 O-O
9.O-O Nc6 10.Qe2 Na5 11.Bd5 Bd7 12.Rfd1 Rc8 13.a4 h6 14.h3 Qc7 15.Nh2 Nc4
16.Bxc4 Qxc4 17.Qxc4 Rxc4 18.f3 Rfc8 19.Ng4 Nxg4 20.hxg4 Rxc3 21.bxc3 Rxc3
22.Ba7 Rxc2 23.Bb8 Bc6 24.Bxd6 Bxd6 25.Rxd6 f6 26.a5 Kf7 27.Rd8 Kg6 28.Kh2 Kg5
29.Rc8 g6 30.Kg3 h5 31.gxh5 Kxh5 32.Rg8 Kg5 33.Rh1 Ra2 34.Rh4 f5 35.exf5 Kxf5
36.Rg4 Ke6 37.R8xg6+ Kd5 38.Re4 Bb5 39.Rg5 Rxa5 40.Rexe5+ Kd4 41.Re7  1-0

[Event "BDO Premier"]
[Site "Haarlem NED"]
[Date "2009.08.19"]
[Round "5"]
[White "Nijboer,F"]
[Black "Van Oosterom,C"]
[Result "1-0"]
[WhiteElo "2552"]
[BlackElo "2402"]

1.e4 c5 2.Nf3 d6 3.d4 cxd4 4.Nxd4 Nf6 5.Nc3 a6 6.Be3 e6 7.f3 b5 8.Qd2 Nbd7
9.g4 Nb6 10.O-O-O Bb7 11.Qf2 Nfd7 12.Bd3 Rc8 13.Nce2 Nc5 14.Kb1 Nba4 15.g5 Qc7
16.Rd2 e5 17.Nb3 d5 18.exd5 Nxd3 19.cxd3 Bxd5 20.Rc1 Qd7 21.Rxc8+ Qxc8 22.f4 Bb4
23.Rc2 Qf5 24.Nbc1 O-O 25.fxe5 Qxe5 26.Bd4 Qxg5 27.b3 Bd6 28.bxa4 bxa4 29.Nc3 Rb8+
30.Rb2 Rc8 31.h4 Qh5 32.Rc2 Rb8+ 33.Rb2 Rc8 34.Nxa4 Be7 35.Nb6 Rd8 36.Qg3 g6
37.Qe5 Qxe5 38.Bxe5 Be6 39.Bc7 Rd4 40.h5 gxh5 41.Rg2+ Kf8 42.Kc2 h4 43.Nb3 Rb4
44.d4 h3 45.Rd2 Bf5+ 46.Kb2 Be4 47.Re2 f5 48.a3 Rb5 49.a4 Rb4 50.a5 Kg7 51.d5 Rb5
52.d6 Bf6+ 53.Ka3 Be5 54.Bb8 Kf7 55.d7 Ke7 56.Bxe5 Rxe5 57.Nd4  1-0

[Event "16th Vienna Open"]
[Site "Vienna AUT"]
[Date "2009.08.21"]
[Round "7"]
[White "Shengelia,D"]
[Black "Karner,C"]
[Result "1-0"]
[WhiteElo "2586"]
[BlackElo "2373"]

1.e4 c5 2.Nf3 d6 3.d4 cxd4 4.Nxd4 Nf6 5.Nc3 a6 6.Be3 e5 7.Nb3 Be6 8.Qd2 Be7
9.f4 exf4 10.Bxf4 d5 11.exd5 Nxd5 12.Nxd5 Qxd5 13.Qxd5 Bxd5 14.O-O-O Bxb3
15.axb3 Nc6 16.Bc4 Rc8 17.Rhe1 O-O 18.Rd7 b5 19.Bd5 Bc5 20.c3 b4 21.Bd6 Bxd6
22.Rxd6 Nb8 23.c4 Rfe8 24.Rxe8+ Rxe8 25.Rb6 Nd7 26.Rxb4 Nc5 27.Rb6 g5 28.b4 Nd3+
29.Kd2 Nf4 30.Bf3 Rd8+ 31.Kc3 f5 32.Rxa6 g4 33.Ra8 Ne2+ 34.Kc2 Nd4+ 35.Kd3  1-0

[Event "XI Sants Open"]
[Site "Barcelona ESP"]
[Date "2009.08.22"]
[Round "2"]
[White "Martin Grillo,R"]
[Black "Solodovnichenko,Y"]
[Result "0-1"]
[WhiteElo "2218"]
[BlackElo "2596"]

1.e4 c5 2.Nf3 d6 3.d4 Nf6 4.Nc3 cxd4 5.Nxd4 a6 6.Be3 e6 7.Be2 Qc7 8.a4 b6
9.f4 Bb7 10.Bf3 Nbd7 11.Nb3 Be7 12.O-O O-O 13.Qe2 Rac8 14.Kh1 Rfe8 15.Rad1 Qb8
16.Bg1 Bf8 17.g4 g6 18.Rfe1 Qa8 19.h3 h6 20.Bh2 e5 21.f5 gxf5 22.gxf5 Kh8
23.Rd2 Kh7 24.Qe3 Be7 25.Rg2 Rg8 26.Rxg8 Rxg8 27.Rg1 Rc8 28.Nd2 b5 29.axb5 axb5
30.Nxb5 d5 31.exd5 Bc5 32.Qb3 Bxg1 33.Bxg1 Bxd5 34.Bxd5 Nxd5 35.Nd6 Rg8 36.Qd3 N7f6
37.N6e4 Qa1 38.Qf1 Qxb2 39.c4 Nxe4 40.Nxe4 Qc2  0-1

[Event "XI Sants Open"]
[Site "Barcelona ESP"]
[Date "2009.08.22"]
[Round "2"]
[White "Camino Carrio,N"]
[Black "Cruz,Cr"]
[Result "0-1"]
[WhiteElo "2207"]
[BlackElo "2525"]

1.e4 c5 2.Nf3 d6 3.d4 cxd4 4.Nxd4 Nf6 5.Nc3 a6 6.Be3 e5 7.Nb3 Be6 8.Qd2 Nbd7
9.O-O-O Be7 10.f3 O-O 11.g4 Nb6 12.Rg1 Rc8 13.Kb1 Nc4 14.Bxc4 Bxc4 15.g5 Nh5
16.Rg2 g6 17.h4 Qc7 18.Nd5 Bxd5 19.Qxd5 b5 20.Rgd2 Kg7 21.Rc1 Qc6 22.Qxc6 Rxc6
23.Na5 Rc7 24.c4 b4 25.Rd5 f6 26.c5 dxc5 27.Bxc5 Nf4 28.gxf6+ Rxf6 29.Rxe5 Bxc5
30.Rexc5 Rxc5 31.Rxc5 Nd3 32.Rd5 Rxf3 33.Nc6 Kh6 34.Kc2 Nf4 35.Rd2 Kh5 36.Nxb4 Kxh4
37.Rh2+ Nh3 38.Nd3 g5 39.Kd2 g4 40.Ke2 Kg3 41.Rh1 h5 42.b4 h4 43.a4 Nf4+
44.Nxf4 Rxf4 45.Rb1 h3 46.b5 axb5 47.axb5 h2 48.b6 Rxe4+ 49.Kd3 Re7  0-1

[Event "6th Open"]
[Site "Kalamaria GRE"]
[Date "2009.08.23"]
[Round "2"]
[White "Frhat,A"]
[Black "Arun Prasad,S"]
[Result "0-1"]
[WhiteElo "2397"]
[BlackElo "2556"]

1.e4 c5 2.Nf3 d6 3.d4 cxd4 4.Nxd4 Nf6 5.Nc3 a6 6.Be3 e6 7.Be2 Qc7 8.a4 b6
9.f4 Bb7 10.Bf3 Nbd7 11.Qe2 Be7 12.O-O O-O 13.Bf2 Rfe8 14.Nb3 e5 15.f5 Rac8
16.Rad1 Bf8 17.Rfe1 d5 18.exd5 Bb4 19.d6 Bxf3 20.Qxf3 Bxd6 21.Nd5 Qb8 22.c3 e4
23.Nxf6+ Nxf6 24.Qh3 Be5 25.Nd4 Qb7 26.Bg3 Qc7 27.Bxe5 Qxe5 28.Qg3 Qxg3 29.hxg3 h5
30.Nc2 Rc6 31.Ne3 Kh7 32.Nd5 Ng4 33.Ne3 Nxe3 34.Rxe3 g6 35.Rd7 gxf5 36.Rxf7+ Kg6
37.Rd7 Ree6 38.Re1 Rc4 39.a5 bxa5 40.Kf2 a4 41.Ra1 Rb6 42.Rd2 Kg5 43.Ke3 Rb3
44.Rf1 Rb5 45.Rd8 Rc6 46.Rf2 Rg6 47.Rf8 Rd5 48.Ke2 Kg4 49.Rf4+ Kxg3 50.R8xf5 Rxf5
51.Rxf5 h4 52.Rh5 a3 53.bxa3 Rg4 54.Kf1 Kh2 55.c4 Rf4+ 56.Ke2 Kxg2 57.Rg5+ Kh2
58.c5 Rf3 59.a4 h3 60.a5 Rg3 61.Rd5 Kg2 62.c6 h2 63.c7 h1=Q 64.c8=Q Qf1+
65.Kd2 e3+ 66.Kc2 Qf2+  0-1

[Event "5th Geller Mem Open A"]
[Site "Odessa UKR"]
[Date "2009.08.23"]
[Round "4"]
[White "Pavlov,Ma"]
[Black "Nedilko,V"]
[Result "1-0"]
[WhiteElo "2371"]
[BlackElo "2414"]

1.e4 c5 2.Nf3 d6 3.d4 cxd4 4.Nxd4 Nf6 5.Nc3 a6 6.Be3 e5 7.Nb3 Be7 8.f3 Be6
9.Qd2 O-O 10.O-O-O a5 11.a4 Nc6 12.g4 Nb4 13.Kb1 Rc8 14.h4 d5 15.g5 Ne8 16.exd5 Bf5
17.Na1 Nd6 18.Bh3 Nc4 19.Qe1 Bxh3 20.Rxh3 Qd7 21.Rh2 Rfd8 22.Bg1 Bc5 23.Bxc5 Rxc5
24.Nb3 Nxd5 25.Kc1  1-0

[Event "5th Gazi Open"]
[Site "Heraklion GRE"]
[Date "2009.08.24"]
[Round "4"]
[White "Zahariev,Z"]
[Black "Milonakis,G"]
[Result "1-0"]
[WhiteElo "2399"]
[BlackElo "2118"]

1.e4 c5 2.Nf3 d6 3.d4 cxd4 4.Nxd4 Nf6 5.Nc3 a6 6.Be3 e6 7.g4 b5 8.g5 b4 9.gxf6 bxc3
10.fxg7 Bxg7 11.b3 Bb7 12.Qg4 Bf6 13.Bg2 Nd7 14.Nxe6 fxe6 15.e5 Bxg2 16.exf6 Qxf6
17.Qxg2 d5 18.O-O-O O-O-O 19.Qg4 Qe7 20.Kb1 Qa3 21.Bc1 Qd6 22.Rhe1 e5 23.Re3 Kb7
24.Rxc3 Rhf8 25.Rcd3 d4 26.f4 Kb8 27.Qg1 Qg6 28.Qxg6 hxg6 29.fxe5 Nxe5 30.Rxd4 Rxd4
31.Rxd4 Rf1 32.Kb2 Kb7 33.Bf4 Re1 34.Rd6 Re2 35.Bxe5  1-0

[Event "6th Open"]
[Site "Kalamaria GRE"]
[Date "2009.08.25"]
[Round "5"]
[White "Jaracz,P"]
[Black "Esen,B"]
[Result "1-0"]
[WhiteElo "2539"]
[BlackElo "2488"]

1.e4 c5 2.Nf3 d6 3.d4 cxd4 4.Nxd4 Nf6 5.Nc3 a6 6.Be3 e5 7.Nb3 Be7 8.Qd2 Be6
9.f3 O-O 10.O-O-O Nbd7 11.g4 b5 12.g5 b4 13.Ne2 Ne8 14.f4 a5 15.f5 Bxb3 16.cxb3 a4
17.bxa4 Rxa4 18.Kb1 Rxa2 19.Nc1 Ra4 20.Nb3 Nc7 21.Bc4 Qa8 22.Qg2 Kh8 23.Rhf1 Qc6
24.Rc1 Qb7 25.Rg1 Nb5 26.Bd5 Qa6 27.f6 Bd8 28.fxg7+ Kxg7 29.Qh3 Nc7 30.g6 Nxd5
31.Qh6+ Kf6 32.Bg5+ Ke6 33.exd5+ Kxd5 34.Rgd1+ Ke4 35.g7 Bxg5 36.Qxg5  1-0

[Event "6th Open"]
[Site "Kalamaria GRE"]
[Date "2009.08.26"]
[Round "6"]
[White "Aroshidze,L"]
[Black "Arun Prasad,S"]
[Result "0-1"]
[WhiteElo "2537"]
[BlackElo "2556"]

1.e4 c5 2.Nf3 d6 3.d4 cxd4 4.Nxd4 Nf6 5.Nc3 a6 6.Be3 e5 7.Nb3 Be6 8.f3 h5
9.Qd2 Nbd7 10.Nd5 Bxd5 11.exd5 g6 12.Be2 Rc8 13.c4 b6 14.O-O Bg7 15.Rac1 O-O
16.Na1 a5 17.Nc2 Qc7 18.Na3 Nc5 19.Nb5 Qd7 20.Kh1 Kh7 21.b3 Ng8 22.Rb1 Bh6
23.a3 Qe7 24.b4 axb4 25.axb4 Nd7 26.Ra1 Ra8 27.Nc7 Rxa1 28.Rxa1 Bxe3 29.Qxe3 Nh6
30.Bd3 Qf6 31.Ra7 Rd8 32.Nb5 h4 33.Nc3 Nf5 34.Ne4 Qe7 35.Qg5 Qxg5 36.Nxg5+ Kg7
37.Ne4 Nf6 38.Ng5 Rd7 39.Ra6 b5 40.Kg1 bxc4 41.Bxc4 Ne3 42.Bb5 Rb7 43.Bc6 Rxb4
44.Ra7 Rb2 45.Nxf7 Rxg2+ 46.Kh1 Rf2 47.Nxe5+ Kh6 48.Nf7+ Kh5 49.Ra1 h3 50.Nxd6 Nc2
51.Rg1 Nd4 52.Rg3 Rf1+ 53.Rg1 Rf2 54.Rg3 Nxf3 55.Rxh3+ Kg4 56.Rg3+ Kf4 57.Rh3 Ng4  0-1

[Event "6th LGA Premium Cup"]
[Site "Nuernberg GER"]
[Date "2009.09.04"]
[Round "3"]
[White "Lobzhanidze,D"]
[Black "Meissner,F"]
[Result "1-0"]
[WhiteElo "2502"]
[BlackElo "2099"]

1.e4 c5 2.Nf3 d6 3.d4 cxd4 4.Nxd4 Nf6 5.Nc3 a6 6.Be3 e5 7.Nf3 Qc7 8.a4 Be7
9.a5 Nbd7 10.Be2 O-O 11.O-O b5 12.axb6 Nxb6 13.Nd2 Bb7 14.Bxb6 Qxb6 15.Nc4 Qc7
16.Nd5 Nxd5 17.exd5 f5 18.Na5 Bf6 19.Ra4 Qf7 20.Nc6 Rfc8 21.Bc4 Kh8 22.Qd2 e4
23.b3 Qh5 24.f4 Qe8 25.Nd4 Qd7 26.Ne6 g6 27.Ra5 Re8 28.h3 Qc8 29.Kh2 Qb8
30.Qe2 Bc3 31.Qe3 Bf6 32.g4 Qa7 33.Qxa7 Rxa7 34.Kg3 Bc3 35.Ra4 Bc8 36.Rd1 Bd7
37.Rxa6 Rxa6 38.Bxa6 Ra8 39.Bc4 Ra2 40.Rb1 Rxc2 41.b4 Bf6 42.g5 Bb2 43.b5 Rc3+
44.Kf2 Rc2+ 45.Kf1 Bc8 46.b6 e3 47.Be2 Bb7 48.Nd8 Bxd5 49.b7 Bxb7 50.Nxb7 d5
51.Nc5 d4 52.Nd3 Bc3 53.Rb8+ Kg7 54.Rb7+ Kh8 55.Ne5 Rc1+ 56.Kg2 Kg8 57.Bc4+ Kf8
58.Rxh7 Ke8 59.Bb5+  1-0

[Event "ch-RUS HL"]
[Site "Ulan Ude RUS"]
[Date "2009.09.05"]
[Round "4"]
[White "Inarkiev,E"]
[Black "Sjugirov,S"]
[Result "0-1"]
[WhiteElo "2664"]
[BlackElo "2585"]

1.e4 c5 2.Nf3 d6 3.d4 cxd4 4.Nxd4 Nf6 5.Nc3 a6 6.Be3 e5 7.Nb3 Be6 8.f3 Be7
9.Qd2 O-O 10.O-O-O Nbd7 11.g4 b5 12.g5 b4 13.Ne2 Ne8 14.f4 a5 15.f5 a4 16.Nbd4 exd4
17.Nxd4 b3 18.Kb1 bxc2+ 19.Nxc2 Bb3 20.axb3 axb3 21.Na3 Ne5 22.h4 Ra4 23.Rh3 Qa8
24.Qd5 Rxa3 25.bxa3 Qxa3 26.Qd2 Nf6 27.Bd4 Nfd7 28.Qb2 Qa8 29.Rxb3 Qxe4+
30.Qc2 Qxh4 31.f6 gxf6 32.Rb7 fxg5 33.Bg2 Qg4 34.Be4 Bf6 35.Bf5 Qf4 36.Bxd7 Nxd7
37.Rh1 h5 38.Rxh5 Qf1+ 39.Qc1 Qxc1+ 40.Kxc1 Bxd4 41.Rxg5+ Kh7 42.Rh5+ Kg6
43.Rd5 Nc5 44.Rxd6+ f6 45.Rb1 Rc8 46.Kd1 Ne4 47.Rxd4 Nc3+ 48.Kc2 Nxb1+ 49.Kxb1 f5
50.Rd1 f4 51.Rd5 f3 52.Kb2 f2 53.Rd1 Rf8 54.Rf1 Kg5 55.Kc2 Kg4 56.Kd2 Kg3  0-1

[Event "6th LGA Premium Cup"]
[Site "Nuernberg GER"]
[Date "2009.09.06"]
[Round "6"]
[White "Boguslavskyy,O"]
[Black "Ginsburg,G"]
[Result "1-0"]
[WhiteElo "2442"]
[BlackElo "2537"]

1.e4 c5 2.Nf3 d6 3.d4 cxd4 4.Nxd4 Nf6 5.Nc3 a6 6.Be3 g6 7.Be2 Bg7 8.g4 h5
9.gxh5 Nxh5 10.Qd2 Nc6 11.O-O-O Qa5 12.Rhg1 Nxd4 13.Bxd4 Nf6 14.Kb1 Be6 15.a3 Rc8
16.f4 Rxh2 17.Bb5+ Qxb5 18.Qxh2 Rxc3 19.Bxc3 Qc4 20.Kc1 Qxe4 21.Rge1 Qc4
22.Rxe6 Qxe6 23.Kb1 Kf8 24.Qg2 Qe4 25.Qh3 Qe6 26.Qd3 Ne4 27.Bxg7+ Kxg7 28.Qd4+ Nf6
29.Qf2 Qf5 30.Qe3 Qe4 31.Qf2 e5 32.fxe5 dxe5 33.Rd8 Qc6 34.Qh2 Nh5 35.Qxe5+ Qf6
36.Qc7 g5 37.Qc8 Nf4 38.Rh8 Kg6 39.Qg8+ Qg7 40.Qe8 Qd4 41.Rg8+ Kf6 42.Qc8 Ne2
43.a4 Qd1+ 44.Ka2 Nc1+ 45.Ka3 Qd6+ 46.b4 Qd4 47.Qd8+ Qxd8 48.Rxd8 g4 49.Rd2 Ke5
50.Kb2 Na2 51.Kxa2 g3 52.Rd3 Kf4 53.Rd7 f5 54.Rxb7 Ke4 55.b5 axb5 56.a5 f4
57.a6  1-0

[Event "6th LGA Premium Cup"]
[Site "Nuernberg GER"]
[Date "2009.09.06"]
[Round "7"]
[White "Suess,S"]
[Black "Meissner,F"]
[Result "1/2-1/2"]
[WhiteElo "1963"]
[BlackElo "2099"]

1.e4 c5 2.Nf3 d6 3.d4 cxd4 4.Nxd4 Nf6 5.Nc3 a6 6.Be3 e5 7.Nb3 Be6 8.f3 Be7
9.Qd2 O-O 10.O-O-O Nbd7 11.g4 b5 12.h4 b4 13.Nd5 Bxd5 14.exd5 Nb6 15.Na5 Nbxd5  1/2-1/2

[Event "TCh-SRB 1st League"]
[Site "Kragujevac SRB"]
[Date "2009.09.09"]
[Round "8"]
[White "Todorovic,GM"]
[Black "Tadic,Br"]
[Result "1/2-1/2"]
[WhiteElo "2450"]
[BlackElo "2532"]

1.e4 c5 2.Nf3 d6 3.d4 cxd4 4.Nxd4 Nf6 5.Nc3 a6 6.Be3 e5 7.Nde2 Be7 8.Ng3 g6
9.Bc4 Be6 10.Bb3 Nc6 11.O-O h5 12.Nd5 Bxd5 13.Bxd5 Rc8 14.c3 Nxd5 15.Qxd5 Qa5
16.Rfd1 Qxd5 17.Rxd5 Nb8 18.Rad1 Nd7 19.f3 O-O  1/2-1/2

[Event "FSIMA September"]
[Site "Budapest HUN"]
[Date "2009.09.10"]
[Round "6"]
[White "Lorand,N"]
[Black "Stoenescu,R"]
[Result "1-0"]
[WhiteElo "2339"]
[BlackElo "2175"]

1.e4 c5 2.Nf3 d6 3.d4 cxd4 4.Nxd4 Nf6 5.Nc3 a6 6.Be3 e6 7.f3 b5 8.g4 h6 9.Qd2 Bb7
10.O-O-O Nbd7 11.h4 b4 12.Na4 Qa5 13.b3 Nc5 14.a3 Nxa4 15.axb4 Qc7 16.bxa4 d5
17.e5 Nd7 18.a5 Qxe5 19.c3 Rc8 20.Kb2 Qc7 21.Rc1 Ne5 22.Rg1 Be7 23.f4 Nc4+
24.Bxc4 Qxc4 25.g5 hxg5 26.hxg5 g6 27.Rh1 Kd7 28.Nf3 Bd6 29.Bd4 Rxh1 30.Rxh1 Bc6
31.Be5 Qe4 32.Rh3 Be7 33.Qf2 Ba4 34.Rh7 Ke8 35.Rh8+ Bf8 36.Bd6  1-0

[Event "TCh-SRB 1st League"]
[Site "Kragujevac SRB"]
[Date "2009.09.10"]
[Round "9"]
[White "Perunovic,Mil"]
[Black "Marjanovic,Slavo"]
[Result "0-1"]
[WhiteElo "2572"]
[BlackElo "2480"]

1.e4 c5 2.Nf3 d6 3.d4 cxd4 4.Nxd4 Nf6 5.Nc3 a6 6.Be3 e6 7.g4 h6 8.h3 b5 9.Bg2 Bb7
10.a3 Nbd7 11.Nde2 g5 12.f4 gxf4 13.Bxf4 Ne5 14.Qd4 Nc4 15.Bg3 Bg7 16.O-O Rg8
17.Qf2 Qc7 18.Rad1 Bh8 19.b3 Ne5 20.Qe3 O-O-O 21.Kh1 Nfxg4 22.hxg4 Nxg4 23.Qd3 Qc5
24.b4 Qh5+ 25.Kg1 Be5 26.Nf4 Qg5 27.Nce2 h5 28.Nh3 Qg7 29.Rf3 Kb8 30.Rdf1 Bxg3
31.Nxg3 Ne5 32.Qe2 Nxf3+ 33.Rxf3 h4 34.Nf1 Bxe4 35.Rg3 Qd4+ 36.Kh1 Rxg3  0-1

[Event "TCh-SRB 1st League"]
[Site "Kragujevac SRB"]
[Date "2009.09.12"]
[Round "11"]
[White "Pikula,D"]
[Black "Popovic,Pe"]
[Result "1/2-1/2"]
[WhiteElo "2562"]
[BlackElo "2496"]

1.e4 c5 2.Nf3 d6 3.d4 cxd4 4.Nxd4 Nf6 5.Nc3 a6 6.Be3 e5 7.Nb3 Be7 8.Qd2 Be6
9.f3 O-O 10.O-O-O a5 11.Qe1 Na6 12.Kb1 Rc8 13.g4 Nd7 14.Bb5 Nc7 15.Nxa5 Nxb5
16.Nxb5 Ra8 17.Nb3 Ra6 18.Nc3 Bg5 19.Bxg5 Qxg5 20.Nd5 Rc8 21.h4 Qd8 22.Nb4 Rb6
23.Rh2 Qc7 24.a3 h6 25.Rhd2 Rxb4 26.axb4 Nb6 27.Qf2 Nc4 28.Rd3 b6 29.Rc3 Qa7
30.Rxc4 Rxc4 31.Rxd6 Rxb4 32.Qd2 Ra4 33.Qc3 Qa6 34.Rd1 Bxb3 35.cxb3 Ra1+
36.Kc2 Ra5 37.b4 Ra2 38.b5 Qa8 39.Rd7 Ra1 40.Qc4 Re1 41.Rxf7 Qa1 42.Rxg7+  1/2-1/2

[Event "TCh-SRB w"]
[Site "Pozarevac SRB"]
[Date "2009.09.14"]
[Round "1"]
[White "Milanovic,Ma"]
[Black "Zivkovic,Ves"]
[Result "0-1"]
[WhiteElo "1739"]
[BlackElo "2122"]

1.e4 c5 2.Nf3 d6 3.d4 cxd4 4.Nxd4 Nf6 5.Nc3 a6 6.Be3 e6 7.Be2 Be7 8.f4 O-O
9.O-O Qc7 10.a4 Nc6 11.Qe1 Na5 12.Qg3 Nc4 13.Bxc4 Qxc4 14.e5 Nd5 15.exd6 Bxd6
16.Nxd5 exd5 17.Qf2 Bd7 18.b3 Qc7 19.Kh1 Rfe8 20.Qf3 Re4 21.Rad1 Rae8 22.Rd3 Bxf4
23.g3 Rxe3 24.Rxe3 Rxe3 25.Qxf4 Qxf4 26.Rxf4 Re4 27.Kg2 g5 28.Rxe4 dxe4 29.Kf2 f5
30.Ke3 Kf7 31.a5 Kf6 32.Ne2 Ke5 33.c4 Be6 34.h4 h6 35.hxg5 hxg5 36.Kd2 f4
37.gxf4+ gxf4 38.Nc3 e3+ 39.Ke1 Kd4 40.Ne2+ Ke4  0-1